Theses in FRIM Library

Bibliographic Details
Main Author: NUR Asmah Safian
Corporate Author: Institut Penyelidikan Perhutanan Malaysia. Perpustakaan
Other Authors: Kong
Format: Book
Published: Kuala Lumpur : FRIM , 1997
Subjects:

MARC

LEADER 00000cam a2200000 7i4500
001 0000000152
005 20020306.0
020 0 0 |a 9839592769 
090 0 0 |a R015.595075   |b NUR 1997 
100 0 0 |a NUR Asmah Safian 
245 1 0 |a Theses in FRIM Library   |c compiled by Nur Asmah Safian; supervised and assisted by Kong How Kooi 
260 0 0 |a Kuala Lumpur :   |b FRIM ,   |c 1997 
300 |a vi, 108 p. ;   |c 21 cm. 
650 0 0 |a Dissertations, Academic 
650 0 0 |a Forests and forestry   |z Malaysia 
700 0 1 |a Kong   |h How Kooi 
710 1 1 |a Institut Penyelidikan Perhutanan Malaysia. Perpustakaan 
998 |a JPSM 
999 |a 0000001342   |b Monograph   |c Reference   |e Default branch 
999 |a 0000005580   |b Monograph   |c Open Shelf   |e Default branch